|
|
|
|
| LEADER |
00717cam a2200193 i 4500 |
| 008 |
760904s1977 ii b 001 0 eng |
| 082 |
0 |
0 |
|a 121
|
| 100 |
1 |
|
|a Chisholm, Roderick M.
|
| 245 |
1 |
0 |
|a Theory of knowledge /
|c Roderick M. Chisholm.
|
| 250 |
|
|
|a 2d ed.
|
| 260 |
|
|
|a Delhi :
|b Prentice-Hall,
|c c1977.
|
| 300 |
|
|
|a xi, 144 p. ;
|c 24 cm.
|
| 490 |
0 |
|
|a Prentice-Hall foundations of philosophy series
|
| 504 |
|
|
|a Includes bibliographical references and index.
|
| 650 |
|
0 |
|a Knowledge, Theory of.
|
| 906 |
|
|
|a 7
|b cbc
|c orignew
|d 1
|e ocip
|f 19
|g y-gencatlg
|
| 942 |
|
|
|c BK
|
| 999 |
|
|
|c 275760
|d 275760
|
| 952 |
|
|
|0 0
|1 0
|2 ddc
|4 0
|6 121_000000000000000_CHI_T
|7 0
|9 310270
|a PHL
|b PHL
|c ST1
|d 2015-06-26
|i 2016
|l 0
|o 121 CHI/T
|p PHL2016
|r 2015-06-26
|y BK
|